| 000 | 00610nam a22002177a 4500 | ||
|---|---|---|---|
| 003 | BUBTL | ||
| 008 | 161205b xxu||||| |||| 00| 0 eng d | ||
| 020 | _a81-219-2537-1 | ||
| 082 | _a621.815KHT | ||
| 100 |
_9966 _aKhurmi,R.S./ Gupta,J.K. |
||
| 245 | _aA Textbook Of Machine Design | ||
| 250 | _a14th | ||
| 260 |
_aNew Delhi _bEurasia Publishing House(PVT) Ltd. _cc1980 |
||
| 300 |
_a[xvi],1230p. _bills. _c24cm. |
||
| 650 | 0 |
_9967 _aTextile Engineering |
|
| 700 |
_9968 _aKhurmi,R.S./ Gupta,J.K. |
||
| 760 | _b14th | ||
| 856 |
_k0 _l0 _yDownload |
||
| 942 |
_2ddc _cBK |
||
| 999 |
_c5400 _d5400 |
||